000 00230nam a22000977a 4500
999 _c16202
_d16202
003 OSt
008 200623b ||||| |||| 00| 0 eng d
100 _aK N vasudeva panikkar
_94623
245 _aPre-degree General English
942 _cBK